De iconografie van Egyptische elitegraven van het Oude Rijk : de studie van iconografieprogramma's van Egyptische elitegraven van het Oude Rijk : theoretische en methodologische aspecten /

محفوظ في:

المؤلف الرئيسي: Walsem, René van (مؤلف)

التنسيق: كتاب

اللغة: Dutch

منشور في: [Nijmegen, Netherlands] : Katholiek Universiteit Nijmegen, ©1994.

سلاسل: Opuscula niliaca novioimagnesia ; 3.

الموضوعات:

الوسوم: إضافة وسم

لا توجد وسوم, كن أول من يضع وسما على هذه التسجيلة!

رقم الطلب: N5350 .W35 1994

LEADER 01073namaa2200289 4500
001 25191
003 OSt
005 20250821102049.0
008 130303s1994 ne a 000 0 dut d
020 |a 9068317164 
040 |c ARCE Library 
043 |a f-ua--- 
050 4 |a N5350 .W35 1994 
100 1 |a Walsem, René van,  |e author  |9 41864 
245 1 3 |a De iconografie van Egyptische elitegraven van het Oude Rijk :   |b de studie van iconografieprogramma's van Egyptische elitegraven van het Oude Rijk : theoretische en methodologische aspecten /   |c René van Walsem. 
264 1 |a [Nijmegen, Netherlands] :   |b Katholiek Universiteit Nijmegen,   |c ©1994. 
300 |a 85 pages :   |b illustrations ;   |c 24 cm. 
490 1 |a Opuscula niliaca novioimagnesia ;   |v 3. 
504 |a Includes bibliographical references (p. 79-83). 
650 0 |a Tombs  |z Egypt. 
650 0 |a Mural painting and decoration, Egyptian. 
650 0 |a Art, Egyptian. 
650 0 |a Burial  |x Egypt. 
830 0 |a Opuscula niliaca novioimagnesia ;   |v 3. 
901 |a reviewed 
942 |c BK  |2 lcc 
999 |c 21143  |d 21143